Mawqif al-Yahūd min al-Islām wa-faḍl al-jihād fī sabīl Allāh /

Saved in:
Bibliographic Details
Main Author: Ibn Bāz, ʻAbd al-ʻAzīz ibn ʻAbd Allāh, 1910-1999.
Format: Book
Language:Arabic
Published: Jiddah : al-Dār al-Saʻūdīyah lil-Nashr, 1972.
Edition:al-Ṭabʻah 1.
Subjects:
Tags: Add Tag
No Tags, Be the first to tag this record!
LEADER 00680cam a2200205Ma 4500
001 006830690-3
005 20020606163548.3
008 930527s1972 su 000 0 arard
035 0 |a ocm32225013 
040 |a PAU  |c PAU  |d HLS 
100 2 |a Ibn Bāz, ʻAbd al-ʻAzīz ibn ʻAbd Allāh,  |d 1910-1999. 
245 1 0 |a Mawqif al-Yahūd min al-Islām wa-faḍl al-jihād fī sabīl Allāh /  |c ʻAbd al-ʻAzīz ibn Bāz. 
250 |a al-Ṭabʻah 1. 
260 |a Jiddah : al-Dār al-Saʻūdīyah lil-Nashr,  |c 1972. 
300 |a 32 p. ;  |c 19 cm. 
650 0 |a Judaism  |x Relations  |x Islam. 
650 0 |a Islam  |x Relations  |x Judaism. 
650 0 |a Jewish-Arab relations. 
988 |a 20020608 
906 |0 OCLC